| 000 | 00442nam a2200145Ia 4500 | ||
|---|---|---|---|
| 008 | 211109s9999||||xx |||||||||||||| ||und|| | ||
| 082 |
_a894.8123 _bMUK-E |
||
| 100 | _aMukundhan, M | ||
| 245 | 0 | _aEe Lokam Athiloru Manushyan | |
| 260 |
_bSAHITHYA PRVARTHAKA SANGHAM _aKottayam _c1990 |
||
| 300 | _a267p. | ||
| 630 | _xGENERAL STACK | ||
| 650 |
_aMalayalam Literature _vMalayalam Fiction _xMalayalam NovelsShort StoriesMalayalam |
||
| 942 | _cBOOK | ||
| 999 |
_c47150 _d47150 |
||